00271nam a2200109Ia 4500008004100000082001500041100001600056245003600072260003700108300000800145650000800153191201s2009 xx 000 0 und d a005.2bCOW aCONGER, Jim 0aWindows Programming Primer Plus aN.DelhibGalgatia Pub. Pvtc2009 a714 aMCA